Giang hồ chỉ vừa đủ xài Tản văn

Bewaard in:
Bibliografische gegevens
Hoofdauteur: Trang Hạ
Formaat: Boek
Taal:Undetermined
Gepubliceerd in: Tp. Hồ Chí Minh ; H. Nxb. Trẻ; Công ty Mỹ thuật và Truyền thông 2017
Onderwerpen:
Online toegang:http://lrc.tdmu.edu.vn/opac/search/detail.asp?aID=2&ID=30839
Tags: Voeg label toe
Geen labels, Wees de eerste die dit record labelt!
Thư viện lưu trữ: Trung tâm Học liệu Trường Đại học Thủ Dầu Một
LEADER 00728nam a2200205Ia 4500
001 TDMU_30839
008 210410s9999 xx 000 0 und d
082 |a 808.0428 
090 |b TR106 
100 |a Trang Hạ 
245 0 |a Giang hồ chỉ vừa đủ xài 
245 0 |b Tản văn 
245 0 |c Trang Hạ 
260 |a Tp. Hồ Chí Minh ; H. 
260 |b Nxb. Trẻ; Công ty Mỹ thuật và Truyền thông 
260 |c 2017 
300 |a 175tr. 
650 |a Văn học hiện đại  |v Tản văn  |z Việt Nam; Văn học Việt Nam  |v Tản văn 
856 |u http://lrc.tdmu.edu.vn/opac/search/detail.asp?aID=2&ID=30839 
980 |a Trung tâm Học liệu Trường Đại học Thủ Dầu Một